zpět

Detail výsledku týmu

U Ječmínka, Prostějov

Datum a čas kvízu

40.5 Celkem bodů Celkový počet nahraných bodů na tomto kvízu bez doplňovacích otázek.
2. Pořadí na kvízu Konečné umístění týmu na tomto kvízu.

Zaznamenané odpovědi

# Otázka Odpověď Body Výsledky
1. Jedna česká politička se pochl... Alena Schillerová, lev 1
2. Bezpečnostní složky na kosmodr... raketoplán Buran 1
3. Který muž bude v příštích lete... Jiří Bartoška 1
4. Minulý týden jsme se dozvěděli... Kofola 1
5. Který dopravní prostředek využ... traktor 1
6. Podíváme se na pět reklam, z n... sázení (sázková kancelář, hazard) 1
7. Pro který produkt byla vytvoře... kondomy 1
8. Spot je z roku 2014. Rada pro... T-Mobile 1
9. Tato televizní reklama na Fido... Karel Zich 1
10. Režisér Jakub Kohák natočil te... BESIP 0